Mort subite - Les chansons de Francis Cabrel - Statistiques

Statistiques générales
  • Ce quiz a été pris 817 fois
  • Le résultat moyen est 11 sur 17
Answers on the Grid
Answers color-coded by a green-red scale on the quiz's grid according to % correct below.
Je l'aime à mourir
Le torrero
Je t'aime
Je t'aimais, je t'aime, je t'aimerai
Grand Joseph
Encore et encore
La corrida
Petite Marie
Les yeux bleus
Lundi matin sur le Soleil
L'encre de tes yeux
Les murs de poussière
Janvier
Un homme heureux
C'est écrit
Fusil
La cabane du pêcheur
Sarbacane
Samedi soir sur la Terre
Mourir pour elle
Animal
Les sols de béton
La Dame de Haute-Savoie
Tout le monde y pense
Gardien de nuit
Humain
Octobre
La villa du chasseur
 
Statistiques - réponses
Réponse % Correct
Je l'aime à mourir
99%
Je t'aimais, je t'aime, je t'aimerai
87%
Petite Marie
85%
La corrida
83%
Encore et encore
79%
L'encre de tes yeux
77%
La cabane du pêcheur
76%
La Dame de Haute-Savoie
66%
Sarbacane
66%
Les murs de poussière
63%
C'est écrit
60%
Octobre
58%
Gardien de nuit
55%
Samedi soir sur la Terre
48%
Tout le monde y pense
35%
Animal
30%
Un homme heureux
14%
Aucun quiz correspondant
Distribution des résultats
% des personnes avec chaque résultat
Percentile par nombre de réponses
Votre historique - résultats
Vous n’avez pas pris ce quiz